Časové rozlíšenie nákladov a výnosov, jeho účtovanie a uplatňovanie v daňovej praxi diplomová práca

Gespeichert in:
Bibliographische Detailangaben
1. Verfasser: Trenčianska, Jana
Körperschaft: Národohospodárska fakulta EU. Katedra financií
Weitere Verfasser: Staríčková, Zuzana
Format: Buch
Sprache:Slowakisch
Veröffentlicht: Bratislava 2012
Tags: Tag hinzufügen
Keine Tags, Fügen Sie das erste Tag hinzu!

MARC

LEADER 00000nbm a2200000 4500
001 0152136
005 20161109102013.5
041 0 |a slo 
044 |a SK 
245 1 0 |a Časové rozlíšenie nákladov a výnosov, jeho účtovanie a uplatňovanie v daňovej praxi  |b diplomová práca  |c Jana Trenčianska ; školiteľ: Zuzana Staríčková 
264 1 |a Bratislava  |c 2012 
300 |a 75 s. 
100 1 |a Trenčianska, Jana 
700 1 |a Staríčková, Zuzana 
710 2 |a Národohospodárska fakulta EU. Katedra financií